00678nam a2200241Ia 4500008004100000020001800041050000800059050001400067100001900081245002000100245005000120245005100170260001800221260002200239260000900261300001600270300002000286300001000306500005100316650003000367700001700397700002200414171025s9999 xx 000 0 und d a9789712720086 a700 bC355 2008 aCasul, Melanie 4aThe media kit : ba frame-by-frame guide to visual production / cMelanie Casul, Jag Garcia and Michael Kho Lim. aPhilippines : bAnvil Publishing, c2008 a270 pages : billustrations ; c22cm. aIncludes appendix and bibliographic reference. aFine and decorative arts. aGarcia, Jag. aLim, Michael Kho.